Statistics for Norske kommunevåpen

Click here to take the quiz!

General Stats

  • This quiz has been taken 49 times
  • The average score is 60 of 356

Answer Stats

Answer% Correct
Oslo
71%
Halden
63%
Bergen
54%
Kautokeino
54%
Kongsberg
54%
Lillehammer
54%
Dovre
50%
Sandefjord
50%
Trondheim
50%
Ullensaker
50%
Vardø
50%
Hammerfest
46%
Kristiansand
46%
Nissedal
46%
Ringerike
46%
Tønsberg
46%
Tromsø
46%
Asker
42%
Bærum
42%
Drammen
42%
Gjøvik
42%
Hamar
42%
Seljord
42%
Tokke
42%
Eidsvoll
38%
Fredrikstad
38%
Hemsedal
38%
Horten
38%
Moss
38%
Notodden
38%
Øvre Eiker
38%
Åmli
33%
Arendal
33%
Bodø
33%
Grimstad
33%
Hole
33%
Holmestrand
33%
Karlsøy
33%
Kragerø
33%
Lier
33%
Molde
33%
Risør
33%
Sarpsborg
33%
Sel
33%
Selbu
33%
Skien
33%
Stavanger
33%
Trysil
33%
Ålesund
29%
Ås
29%
Gol
29%
Moskenes
29%
Nordre Follo
29%
Os
29%
Randaberg
29%
Rødøy
29%
Sandnes
29%
Senja
29%
Smøla
29%
Vefsn
29%
Vinje
29%
Aremark
25%
Brønnøy
25%
Bygland
25%
Elverum
25%
Færder
25%
Flå
25%
Froland
25%
Fyresdal
25%
Gamvik
25%
Gjerdrum
25%
Haugesund
25%
Hustadvika
25%
Hyllestad
25%
Indre Østfold
25%
Kongsvinger
25%
Krødsherad
25%
Kvænangen
25%
Kviteseid
25%
Lindesnes
25%
Midt-Telemark
25%
Modum
25%
Narvik
25%
Nesodden
25%
Nore og Uvdal
25%
Porsanger
25%
Porsgrunn
25%
Stryn
25%
Tana
25%
Tinn
25%
Tydal
25%
Vadsø
25%
Bømlo
21%
Fjord
21%
Flekkefjord
21%
Gloppen
21%
Herøy
21%
Hjartdal
21%
Jevnaker
21%
Karasjok
21%
Klepp
21%
Kristiansund
21%
Larvik
21%
Løten
21%
Ringsaker
21%
Røros
21%
Røst
21%
Sigdal
21%
Tynset
21%
Utsira
21%
Værøy
21%
Våler
21%
Vennesla
21%
Voss
21%
Åfjord
17%
Alta
17%
Alver
17%
Birkenes
17%
17%
Bykle
17%
Evje og Hornnes
17%
Farsund
17%
Folldal
17%
Gildeskål
17%
Gran
17%
Høylandet
17%
Karmøy
17%
Kinn
17%
Kvæfjord
17%
Kvam
17%
Kvitsøy
17%
Lebesby
17%
Lunner
17%
Lyngdal
17%
Målselv
17%
Malvik
17%
Namsskogan
17%
Nesbyen
17%
Nordkapp
17%
Osterøy
17%
Rana
17%
Rollag
17%
Salangen
17%
Sør-Fron
17%
Sør-Varanger
17%
Stad
17%
Stord
17%
Sunnfjord
17%
Sveio
17%
Tolga
17%
Ullensvang
17%
Vågan
17%
Vang
17%
Vegårdshei
17%
Verdal
17%
Vestre Slidre
17%
Vindafjord
17%
Ål
13%
Åmot
13%
Aurskog-Høland
13%
Bamble
13%
Bardu
13%
Båtsfjord
13%
Bjørnafjorden
13%
Dyrøy
13%
Eidskog
13%
Engerdal
13%
Etne
13%
Fitjar
13%
Giske
13%
Gjemnes
13%
Gjerstad
13%
Gjesdal
13%
Grong
13%
13%
Hamarøy
13%
Harstad
13%
Hattfjelldal
13%
Heim
13%
Hitra
13%
Hjelmeland
13%
Hurdal
13%
Hvaler
13%
Inderøy
13%
Kåfjord
13%
Kvinesdal
13%
Kvinnherad
13%
Leka
13%
Levanger
13%
Marker
13%
Melhus
13%
Namsos
13%
Nannestad
13%
Nome
13%
Ørland
13%
Øyer
13%
Rælingen
13%
Rendalen
13%
Skjervøy
13%
Sogndal
13%
Søndre Land
13%
Sør-Aurdal
13%
Sør-Odal
13%
Stjørdal
13%
Surnadal
13%
Træna
13%
Vågå
13%
Vestby
13%
Vevelstad
13%
Volda
13%
Alstahaug
8%
Alvdal
8%
Andøy
8%
Årdal
8%
Askøy
8%
Åsnes
8%
Aukra
8%
Aure
8%
Austevoll
8%
Beiarn
8%
Bindal
8%
Bjerkreim
8%
Bokn
8%
Dønna
8%
Drangedal
8%
Eigersund
8%
Enebakk
8%
Evenes
8%
Fauske
8%
Fedje
8%
Flakstad
8%
Flesberg
8%
Frogn
8%
Frosta
8%
Frøya
8%
Gausdal
8%
Grane
8%
Hadsel
8%
Hasvik
8%
Hemnes
8%
Herøy
8%
Hol
8%
Holtålen
8%
Høyanger
8%
Ibestad
8%
Iveland
8%
Lærdal
8%
Leirfjord
8%
Lillesand
8%
Lødingen
8%
Lom
8%
Lørenskog
8%
Lund
8%
Lurøy
8%
Luster
8%
Lyngen
8%
Meråker
8%
Modalen
8%
Nærøysund
8%
Nes
8%
Nesseby
8%
Nittedal
8%
Nord-Aurdal
8%
Nord-Fron
8%
Nord-Odal
8%
Nordreisa
8%
Øksnes
8%
Orkland
8%
Østre Toten
8%
Overhalla
8%
Øystre Slidre
8%
Rakkestad
8%
Rauma
8%
Rennebu
8%
Rindal
8%
Ringebu
8%
Saltdal
8%
Samnanger
8%
Sauda
8%
Siljan
8%
Sirdal
8%
Skaun
8%
Skiptvet
8%
Sokndal
8%
Sømna
8%
Sørfold
8%
Sørreisa
8%
Sortland
8%
Stange
8%
Steigen
8%
Steinkjer
8%
Strand
8%
Suldal
8%
Time
8%
Tjeldsund
8%
Tvedestrand
8%
Tysnes
8%
Tysvær
8%
Ulvik
8%
Våler
8%
Valle
8%
Vega
8%
Vestvågøy
8%
Åseral
4%
Askvoll
4%
Aurland
4%
Austrheim
4%
Averøy
4%
Balsfjord
4%
Berlevåg
4%
Bremanger
4%
Eidfjord
4%
Etnedal
4%
Fjaler
4%
Gratangen
4%
Grue
4%
Gulen
4%
Hægebostad
4%
Hareid
4%
Indre Fosen
4%
Lavangen
4%
Lierne
4%
Lillestrøm
4%
Loppa
4%
Masfjorden
4%
Måsøy
4%
Meløy
4%
Midtre Gauldal
4%
Nesna
4%
Nordre Land
4%
Oppdal
4%
Ørsta
4%
Osen
4%
Øygarden
4%
Råde
4%
Røyrvik
4%
Sande
4%
Skjåk
4%
Snåsa
4%
Sola
4%
Solund
4%
Stor-Elvdal
4%
Storfjord
4%
Stranda
4%
Sula
4%
Sunndal
4%
Sykkylven
4%
Tingvoll
4%
Ulstein
4%
Vaksdal
4%
Vanylven
4%
Vestnes
4%
Vestre Toten
4%
Vik
4%
Flatanger
0%
Lesja
0%

Score Distribution

Percentile by Number Answered

Percent of People with Each Score

Your Score History

You have not taken this quiz